Loading...
Geography | 0 | 5 | 0 | 0 | 50 | 60 | 79.80 | 0 | 3 |
Fine Arts - Other Fine Arts | 0 | 3 | 0 | 1 | 30 | 103 | 127.00 | 0 | 0 |
Any History | 0 | 3 | 0 | 2 | 30 | 129 | 134.00 | 0 | 0 |
Literature - British Literature | 0 | 3 | 0 | 0 | 30 | 138 | 143.00 | 0 | 0 |
Literature - European Literature | 0 | 3 | 0 | 0 | 30 | 65 | 86.00 | 0 | 1 |
Science - Other Science | 0 | 2 | 0 | 1 | 20 | 107 | 119.50 | 0 | 0 |
Painting & Sculpture | 0 | 2 | 0 | 0 | 20 | 129 | 132.00 | 0 | 0 |
Literature - American Literature | 0 | 2 | 1 | 1 | 15 | 134 | 140.50 | 0 | 0 |
Mythology | 0 | 1 | 0 | 0 | 10 | 90 | 90.00 | 0 | 0 |
History - American History | 0 | 1 | 0 | 0 | 10 | 122 | 122.00 | 0 | 0 |
Social Science | 0 | 1 | 0 | 0 | 10 | 128 | 128.00 | 0 | 0 |
Literature - World Literature | 0 | 1 | 0 | 0 | 10 | 149 | 149.00 | 0 | 0 |
Current Events | 0 | 1 | 0 | 0 | 10 | 115 | 115.00 | 0 | 1 |
History - World History | 0 | 1 | 3 | 0 | -5 | 66 | 66.00 | 1 | 1 |
Religion | 0 | 0 | 1 | 0 | -5 | 0.00 | 0 | 0 |